| 000 | 00511nam a2200205Ia 4500 | ||
|---|---|---|---|
| 003 | OSt | ||
| 005 | 20220926044750.0 | ||
| 006 | a|||||r|||| 00| 0 | ||
| 007 | ta | ||
| 008 | 220923b |||||||| |||| 00| 0 eng d | ||
| 037 | _cGeneral Book | ||
| 040 |
_aRTL _cRTL _beng |
||
| 041 |
_2eng _aeng |
||
| 082 | _aX9.2sN62, K5.1/GD | ||
| 245 | 0 | _aAnnual survey of industries 1962. | |
| 260 | _c1962 | ||
| 300 |
_a94p _ccm. |
||
| 942 |
_hX9.2sN62, K5.1/GD _cGB _2CC |
||
| 999 |
_c675750 _d675750 |
||